Music Quiz

Random Music or Song Quiz
Score 0/49 Timer 10:00
0 Plays Today
Composer Song % Correct
Jerome KernHeaven in My Arms
100%
Jerome KernThe Way You Look Tonight
90.9%
Jerome KernSmoke Gets in Your Eyes
90.9%
Jerome KernAll the Things You Are
81.8%
Jerome KernEvery Little While
81.8%
Jerome KernThe Song is You
72.7%
Irving BerlinAlways
72.7%
Irving BerlinTop Hat, White Tie, and Tails
63.6%
Irving BerlinHow Deep is the Ocean
63.6%
George GershwinThe Man I Love
63.6%
George GershwinSomeone to Watch Over Me
63.6%
Irving BerlinAlexander's Ragtime Band
54.5%
Irving BerlinPuttin' on the Ritz
54.5%
Irving BerlinSuppertime
54.5%
Irving BerlinCheek to Cheek
54.5%
George GershwinStairway to Paradise
54.5%
George GershwinEmbraceable You
54.5%
Irving BerlinSteppin' Out
45.5%
George GershwinSomebody Loves Me
45.5%
Irving BerlinChange Partners
36.4%
Richard RodgersHave You Met Miss Jones
36.4%
Richard RodgersI Have Dreamed
36.4%
Richard RodgersSpring is Here
27.3%
Richard RodgersMy Romance
27.3%
Richard RodgersMy Heart Stood Still
27.3%
Composer Song % Correct
Richard RodgersMy Funny Valentine
18.2%
Cole PorterUnder My Skin
18.2%
Cole PorterWhat is this Thing Called Love?
18.2%
Cole PorterNight and Day
18.2%
Cole PorterJust One of Those Things
18.2%
Cole PorterI Concentrate on You
18.2%
Cole PorterWho Said Gay Paree?
18.2%
Hoagy CarmichaelSkylark
18.2%
Hoagy CarmichaelStardust
18.2%
Harold ArlenGet Happy
9.1%
Harold ArlenLast Night When We Were Young
9.1%
Jimmy Van HuesenSecond Time Around
9.1%
Johnny MandelWhere Do You Start?
9.1%
Antonio Carlos JobimSong of the Sabia
9.1%
Antonio Carlos JobimSong of the Jet
9.1%
Harold ArlenCome Rain or Come Shine
0%
Harold ArlenIll Wind
0%
Harold ArlenIt Was Written in the Stars
0%
Jimmy Van HuesenHere's That Rainy Day
0%
Johnny MandelA Time For Love
0%
Johnny MandelClose Enough For Love
0%
Antonio Carlos JobimA Felicidade
0%
Antonio Carlos JobimPassarim
0%
Antonio Carlos JobimCorcovado
0%
Remove Ads.
Support Sporcle.
Get the best of Sporcle when you Go Orange. This ad-free experience offers more features, more stats, and more fun while also helping to support Sporcle. Thank you for becoming a member.

You're not logged in!

Compare scores with friends on all Sporcle quizzes.
OR
Log In

Show Comments

Extras

Created Nov 26, 2010ReportNominate
Tags:Song Quiz, Composer, Pop Music

Top Quizzes Today


Score Distribution

Your Account Isn't Verified!

In order to create a playlist on Sporcle, you need to verify the email address you used during registration. Go to your Sporcle Settings to finish the process.

Report this User

Report this user for behavior that violates our Community Guidelines.

Details: